000
00305nam a2200121Ia 4500
008
190216s9999||||xx |||||||||||||| ||und||
100
_a
James Edgar Swain
245
0
_a
Lokanagarikatayute Charithram
260
_b
Kerala Bhasha Institute
_c
1975
300
_a
1082p
650
_a
World History
942
_c
BK
999
_c
38586
_d
38586